[Event "Asian Zonal-ch 3.5 Women 2019"]
[Site "Zi Bo"]
[Date "2019.09.09"]
[Round "7.2"]
[White "Zhai, Mo"]
[Black "Yan, Tianqi"]
[Result "1/2-1/2"]
[WhiteElo "2360"]
[BlackElo "2122"]
[Annotator "ChessBase"]
[PlyCount "205"]
[EventDate "2019.09.05"]
[EventType "swiss"]
[EventCountry "CHN"]
[SourceTitle "playchess.com"]
[Source "ChessBase"]
[SourceQuality "1"]
[TimeControl "5400+30"]

1. Nf3 {[%emt 0:00:01]} d5 {[%emt 0:02:56]} 2. g3 {[%emt 0:00:48]} Nf6 {[%emt 0:00:30]} 3. Bg2 {[%emt 0:00:29]} e6 {[%emt 0:02:11]} 4. O-O {[%emt 0:01:57]} Be7 {[%emt 0:02:20]} 5. c4 {[%emt 0:02:04]} O-O {[%emt 0:01:12]} 6. d4 {[%emt 0:00:28]} dxc4 {[%emt 0:01:22]} 7. Ne5 {[%emt 0:06:17]} c5 {[%emt 0:00:40]} 8. dxc5 {[%emt 0:05:04]} Qc7 {[%emt 0:01:47]} 9. Nxc4 {[%emt 0:10:31]} Qxc5 {[%emt 0:01:28]} 10. Qb3 {[%emt 0:05:55]} e5 {[%emt 0:12:56]} 11. Be3 {[%emt 0:06:44]} Qc7 {[%emt 0:00:14]} 12. Nc3 {[%emt 0:01:43]} Nc6 {[%emt 0:01:09]} 13. Nb5 {[%emt 0:02:42]} Qb8 {[%emt 0:01:54]} 14. Bxc6 {[%emt 0:05:44]} bxc6 {[%emt 0:00:02]} 15. Nxa7 {[%emt 0:00:16]} Qc7 {[%emt 0:12:31]} 16. Qb6 {[%emt 0:05:16]} Qd7 {[%emt 0:07:37]} 17. Nxc6 {[%emt 0:05:35]} Nd5 {[%emt 0:06:06]} 18. Nxe7+ {[%emt 0:00:56]} Qxe7 {[%emt 0:00:44]} 19. Qd6 {[%emt 0:09:22]} Qb7 {[%emt 0:02:42]} 20. Qxe5 {[%emt 0:08:41]} Bh3 {[%emt 0:01:26]} 21. Nd6 {[%emt 0:00:16]} Qc6 {[%emt 0:00:12]} 22. Nf5 {[%emt 0:00:20]} Bxf5 {[%emt 0:02:56]} 23. Qxf5 {[%emt 0:00:02]} Nxe3 {[%emt 0:00:07]} 24. fxe3 {[%emt 0:00:02]} Rae8 {[%emt 0:01:13]} 25. Rac1 {[%emt 0:08:30]} Qb6 {[%emt 0:10:08]} 26. Rc2 {[%emt 0:00:34]} Qxe3+ {[%emt 0:01:12]} 27. Kg2 {[%emt 0:01:14]} Re6 {[%emt 0:01:18]} 28. Rf3 {[%emt 0:00:37]} Qa7 {[%emt 0:02:25]} 29. Ra3 {[%emt 0:05:31]} Qe7 {[%emt 0:00:42]} 30. Qf3 {[%emt 0:01:14]} Rf6 {[%emt 0:01:00]} 31. Qd5 {[%emt 0:00:41]} Re6 {[%emt 0:01:58]} 32. Qc4 {[%emt 0:02:06]} Re4 {[%emt 0:02:20]} 33. Qd3 {[%emt 0:00:55]} h6 {[%emt 0:00:35]} 34. Rac3 {[%emt 0:00:34]} Re8 {[%emt 0:01:12]} 35. Rc8 {[%emt 0:01:33]} Re3 {[%emt 0:03:05]} 36. Rxe8+ {[%emt 0:00:31]} Qxe8 {[%emt 0:00:02]} 37. Qc4 {[%emt 0:00:32]} Kh7 {[%emt 0:01:40]} 38. Kf2 {[%emt 0:00:41]} Re6 {[%emt 0:00:33]} 39. Rc3 {[%emt 0:00:46]} Qb8 {[%emt 0:01:34]} 40. b4 {[%emt 0:01:10]} Qa7+ {[%emt 0:01:18]} 41. Kf1 {[%emt 0:00:26]} Ra6 {[%emt 0:01:25]} 42. Qe4+ {[%emt 0:01:09]} g6 {[%emt 0:00:04]} 43. Qe5 {[%emt 0:00:59]} Rxa2 {[%emt 0:00:52]} 44. Kg2 {[%emt 0:00:22]} Qb7+ {[%emt 0:01:53]} 45. Rf3 {[%emt 0:00:04]} Ra4 {[%emt 0:02:28]} 46. Qe8 {[%emt 0:00:18]} Rxb4 {[%emt 0:00:14]} 47. Qxf7+ {[%emt 0:00:04]} Qxf7 {[%emt 0:00:04]} 48. Rxf7+ {[%emt 0:00:00]} Kg8 {[%emt 0:00:01]} 49. Ra7 {[%emt 0:00:07]} Rb3 {[%emt 0:00:33]} 50. Kf2 {[%emt 0:00:11]} g5 {[%emt 0:00:47]} 51. h3 {[%emt 0:00:18]} Rb5 {[%emt 0:00:48]} 52. Kf3 {[%emt 0:00:20]} Rb4 {[%emt 0:01:38]} 53. Rd7 {[%emt 0:00:54]} Ra4 {[%emt 0:01:33]} 54. Re7 {[%emt 0:00:44]} Rb4 {[%emt 0:00:24]} 55. Re4 {[%emt 0:00:53]} Rb6 {[%emt 0:01:18]} 56. Kg4 {[%emt 0:00:24]} Kf7 {[%emt 0:00:10]} 57. Kf5 {[%emt 0:00:31]} Rf6+ {[%emt 0:00:20]} 58. Ke5 {[%emt 0:00:08]} Re6+ {[%emt 0:00:07]} 59. Kd5 {[%emt 0:00:05]} Ra6 {[%emt 0:00:04]} 60. Rd4 {[%emt 0:02:20]} Re6 {[%emt 0:00:20]} 61. Re4 {[%emt 0:00:25]} Ra6 {[%emt 0:00:02]} 62. Rd4 {[%emt 0:00:03]} Re6 {[%emt 0:00:07]} 63. e4 {[%emt 0:00:04]} Kf6 {[%emt 0:01:35]} 64. Ra4 {[%emt 0:00:18]} Re5+ {[%emt 0:00:28]} 65. Kd4 {[%emt 0:00:24]} Re6 {[%emt 0:00:13]} 66. Ra8 {[%emt 0:00:29]} Rd6+ {[%emt 0:00:20]} 67. Ke3 {[%emt 0:00:08]} Rb6 {[%emt 0:00:23]} 68. Rf8+ {[%emt 0:01:14]} Ke6 {[%emt 0:01:51]} 69. Kf3 {[%emt 0:01:05]} Rb3+ {[%emt 0:01:00]} 70. Kg2 {[%emt 0:00:29]} Re3 {[%emt 0:00:39]} 71. Rh8 {[%emt 0:00:34]} Rxe4 {[%emt 0:00:05]} 72. Rxh6+ {[%emt 0:00:06]} Kf7 {[%emt 0:00:21]} 73. Ra6 {[%emt 0:00:13]} Rb4 {[%emt 0:00:10]} 74. Ra3 {[%emt 0:00:49]} Kg6 {[%emt 0:00:10]} 75. Rc3 {[%emt 0:00:51]} Ra4 {[%emt 0:00:06]} 76. g4 {[%emt 0:00:13]} Rb4 {[%emt 0:00:19]} 77. Kf3 {[%emt 0:00:12]} Ra4 {[%emt 0:00:17]} 78. Rc6+ {[%emt 0:00:23]} Kg7 {[%emt 0:00:07]} 79. Re6 {[%emt 0:00:08]} Kf7 {[%emt 0:00:49]} 80. Re4 {[%emt 0:00:29]} Ra3+ {[%emt 0:00:09]} 81. Re3 {[%emt 0:00:02]} Ra4 {[%emt 0:00:07]} 82. Kg3 {[%emt 0:00:08]} Kg6 {[%emt 0:00:15]} 83. Rb3 {[%emt 0:00:29]} Ra6 {[%emt 0:00:17]} 84. Kf3 {[%emt 0:01:36]} Ra4 {[%emt 0:00:12]} 85. Rb6+ {[%emt 0:00:16]} Kg7 {[%emt 0:00:19]} 86. Rb5 {[%emt 0:00:04]} Kg6 {[%emt 0:00:07]} 87. Ke3 {[%emt 0:00:17]} Rc4 {[%emt 0:01:48]} 88. Rd5 {[%emt 0:00:08]} Ra4 {[%emt 0:00:19]} 89. Rd4 {[%emt 0:00:09]} Ra3+ {[%emt 0:00:24]} 90. Ke4 {[%emt 0:00:08]} Rxh3 {[%emt 0:00:24]} 91. Rd6+ {[%emt 0:00:02]} Kg7 {[%emt 0:00:19]} 92. Kf5 {[%emt 0:00:02]} Ra3 {[%emt 0:00:09]} 93. Kxg5 {[%emt 0:00:12]} Ra5+ {[%emt 0:00:06]} 94. Kh4 {[%emt 0:00:08]} Rb5 {[%emt 0:00:10]} 95. Ra6 {[%emt 0:00:24]} Rb7 {[%emt 0:01:20]} 96. Kh5 {[%emt 0:00:14]} Rb5+ {[%emt 0:00:15]} 97. g5 {[%emt 0:00:02]} Rb7 {[%emt 0:00:07]} 98. Ra5 {[%emt 0:00:21]} Rc7 {[%emt 0:00:15]} 99. Kg4 {[%emt 0:00:41]} Rb7 {[%emt 0:00:09]} 100. Kf5 {[%emt 0:00:33]} Rc7 {[%emt 0:00:30]} 101. Ra6 {[%emt 0:01:08]} Rc5+ {[%emt 0:00:08]} 102. Kg4 {[%emt 0:00:04]} Rc4+ {[%emt 0:00:38]} 103. Kh5 {[%emt 0:00:06]} 1/2-1/2

[Event "Asian Zonal-ch 3.5 Women 2019"]
[Site "Zi Bo"]
[Date "2019.09.09"]
[Round "7.3"]
[White "Lei, Tingjie"]
[Black "Huang, Qian"]
[Result "1/2-1/2"]
[WhiteElo "2483"]
[BlackElo "2429"]
[Annotator "TA"]
[PlyCount "59"]
[EventDate "2019.09.05"]
[EventType "swiss"]
[EventCountry "CHN"]
[SourceTitle "playchess.com"]
[Source "ChessBase"]
[SourceQuality "1"]

{[%evp 13,59,27,31,21,20,0,0,6,8,0,18,18,23,20,34,0,0,-3,0,-15,-2,-16,-28,-31,-36,-54,-54,-54,-56,-54,-59,-68,-66,-93,-72,-90,-72,-125,-120,-98,-68,-70,0,-64,0,-54,0,-80]} 1. d4 d5 2. c4 c6 3. cxd5 cxd5 4. Bf4 Nc6 5. e3 Nf6 6. Nc3 Bf5 7. Qb3 Na5 8. Qa4+ {D10: Slav Defence: 3 cxd5 (without early Nf3) and 3 Nc3} Bd7 9. Qd1 (9. Qc2 e6 10. Bd3 Be7 11. Nf3 Rc8 12. O-O Nc6 13. Qe2 Nh5 14. Be5 O-O 15. h3 f5 {1-0 (38) Korobov,A (2694)-Rodshtein,M (2674) Czech Republic 2018}) 9... Rc8 10. Nf3 e6 11. Bd3 Bb4 12. O-O O-O 13. Ne5 Nc4 14. Nxc4 $146 ({Predecessor:} 14. Bxc4 dxc4 15. Bg5 Be7 {½-½ (58) Blomqvist,E (2487)-Hector,J (2485) Sunne 2015}) 14... dxc4 15. Bc2 Bc6 16. Bg5 h6 $36 {[%mdl 2048] Black is more active.} 17. Bh4 b5 {[%cal Bb7b5,Bb5b4][%mdl 32]} 18. f3 Be7 19. Bf2 b4 20. Ne2 Bb5 21. e4 Qc7 22. Rc1 Rfd8 23. Bb1 Nd7 24. Qc2 Nf8 25. f4 {[#]} (25. e5 $142) 25... Qa5 $1 $17 26. Qd1 Ba4 27. Qe1 Bb5 (27... c3 $5 28. bxc3 Bb5 $17) 28. Qd1 Ba4 29. Qe1 $1 Bb5 30. Qd1 {Accuracy: White = 55%, Black = 74%.} 1/2-1/2

[Event "Asian Zonal-ch 3.5 Women 2019"]
[Site "Zi Bo"]
[Date "2019.09.09"]
[Round "7.4"]
[White "Zhang, Lanlin"]
[Black "Gu, Tianlu"]
[Result "0-1"]
[WhiteElo "2203"]
[BlackElo "2239"]
[Annotator "ChessBase"]
[PlyCount "62"]
[EventDate "2019.09.05"]
[EventType "swiss"]
[EventCountry "CHN"]
[SourceTitle "playchess.com"]
[Source "ChessBase"]
[SourceQuality "1"]
[TimeControl "5400+30"]

1. e4 {[%emt 0:00:14]} e5 {[%emt 0:00:00]} 2. Nf3 {[%emt 0:02:10]} Nc6 {[%emt 0:00:03]} 3. Bb5 {[%emt 0:04:00]} a6 {[%emt 0:00:11]} 4. Ba4 {[%emt 0:00:03]} Nf6 {[%emt 0:00:10]} 5. O-O {[%emt 0:00:05]} b5 {[%emt 0:00:09]} 6. Bb3 {[%emt 0:00:03]} Be7 {[%emt 0:00:10]} 7. Re1 {[%emt 0:01:57]} d6 {[%emt 0:00:17]} 8. c3 {[%emt 0:00:06]} O-O {[%emt 0:00:29]} 9. h3 {[%emt 0:01:12]} Bb7 {[%emt 0:00:19]} 10. d4 {[%emt 0:00:18]} Re8 {[%emt 0:00:44]} 11. Nbd2 {[%emt 0:03:27]} exd4 {[%emt 0:00:28]} 12. cxd4 {[%emt 0:01:24]} Nd7 {[%emt 0:00:15]} 13. a4 {[%emt 0:02:26]} Bf6 {[%emt 0:09:20]} 14. Nf1 {[%emt 0:05:53]} Na5 {[%emt 0:03:59]} 15. Bc2 {[%emt 0:08:30]} c5 {[%emt 0:00:47]} 16. Ng3 {[%emt 0:15:56]} g6 {[%emt 0:01:38]} 17. Bf4 {[%emt 0:01:47]} cxd4 {[%emt 0:03:15]} 18. Nxd4 {[%emt 0:01:30]} Qb6 {[%emt 0:03:53]} 19. Nf3 {[%emt 0:11:34]} Bxb2 {[%emt 0:08:53]} 20. Rb1 {[%emt 0:00:03]} Bc3 {[%emt 0:06:05]} 21. Be3 {[%emt 0:09:36]} Nc5 {[%emt 0:05:39]} 22. Ng5 {[%emt 0:03:03]} Bxe1 {[%emt 0:05:09]} 23. Qf3 {[%emt 0:02:58]} Qc7 {[%emt 0:00:20]} 24. Rxe1 {[%emt 0:03:34]} Nc4 {[%emt 0:04:27]} 25. Bd4 {[%emt 0:04:43]} Ne5 {[%emt 0:00:55]} 26. Qf4 {[%emt 0:02:05]} h6 {[%emt 0:00:32]} 27. Nf3 {[%emt 0:00:08]} Ne6 {[%emt 0:00:06]} 28. Qxh6 {[%emt 0:03:51]} Nxf3+ {[%emt 0:00:36]} 29. gxf3 {[%emt 0:00:04]} Nxd4 {[%emt 0:00:06]} 30. Nh5 {[%emt 0:00:03]} gxh5 {[%emt 0:01:06]} 31. Kg2 {[%emt 0:01:14]} Re6 {[%emt 0:00:23]} 0-1

[Event "Asian Zonal-ch 3.5 Women 2019"]
[Site "Zi Bo"]
[Date "2019.09.09"]
[Round "7.5"]
[White "Li, Xueyi"]
[Black "Zhang, Yuxuan"]
[Result "1/2-1/2"]
[WhiteElo "2323"]
[BlackElo "1979"]
[Annotator "TA"]
[PlyCount "109"]
[EventDate "2019.09.05"]
[EventType "swiss"]
[EventCountry "CHN"]
[SourceTitle "playchess.com"]
[Source "ChessBase"]
[SourceQuality "1"]

{[%evp 15,109,27,77,68,72,32,43,48,39,42,52,32,54,34,49,37,46,36,69,61,105,85,98,97,90,90,98,68,83,62,69,84,182,193,187,195,181,104,124,129,122,126,179,173,169,136,184,102,100,0,109,104,107,108,131,112,86,103,145,143,162,143,129,120,132,35,46,0,0,0,0,0,0,-208,-147,-306,-250,-226,-86,-109,10,0,0,0,0,0,0,0,0,0,0,0,0,0,0,0]} 1. d4 Nf6 2. Nf3 g6 3. g3 Bg7 4. Bg2 O-O 5. O-O d6 6. b3 c5 7. Bb2 Nc6 8. c4 Bf5 9. d5 $1 {[%cal Rd5c6] E60: King's Indian: Unusual lines and Fianchetto Variation without Nc3} Na5 10. Nbd2 a6 11. Re1 {White is slightly better.} e5 12. dxe6 Bxe6 13. Qc2 $146 ({Predecessor:} 13. Qc1 Rb8 14. Ng5 Bd7 15. Nde4 Bc6 16. Nxf6+ Bxf6 17. Bxf6 Qxf6 {1-0 (38) Dizdarevic,E (2541)-Pasko,L (2322) Pristina 2015}) 13... Nc6 14. a3 Qc7 15. Rad1 Rad8 16. Bc3 Ne5 17. Qb2 {[%cal Rf3e5]} Nxf3+ 18. Bxf3 Ne8 19. Bxg7 Nxg7 20. Ne4 Ne8 21. h4 d5 22. Ng5 d4 23. e3 ({But not} 23. Nxe6 $6 fxe6 24. Kg2 Nd6 $11) 23... Qb6 (23... dxe3 $16 {is a better defense.} 24. Rxe3 Rxd1+ 25. Bxd1 Bd7) 24. exd4 $18 cxd4 25. Nxe6 fxe6 26. Qe2 (26. Bg2 $18) 26... Ng7 27. b4 Qc7 28. c5 e5 (28... b6 $16 {might work better.}) 29. Bg2 Rfe8 30. a4 Kh8 31. Qe4 (31. c6 $18) 31... Re7 $16 32. Qe2 (32. Qd3 $16) 32... a5 (32... Ree8 $1 $11 {remains equal.}) 33. Qb5 axb4 34. Qxb4 Ne6 {[#]} 35. c6 $1 {[%cal Rc6b7][%mdl 512]} bxc6 {[#]} 36. Rxe5 $1 {[%mdl 512]} Qxe5 37. Qxe7 {aiming for Bh3.} Qd6 {[#]} 38. Qf6+ $1 Kg8 39. Re1 Nc7 40. Qg5 (40. Qxd6 $16 Rxd6 41. Rc1) 40... d3 $14 41. Qd2 c5 $1 $36 {[%mdl 2048] Black is pushing.} 42. h5 c4 43. hxg6 hxg6 44. Qc1 $2 (44. Re4 $11 c3 45. Qxc3) 44... Qb4 {Strongly threatening ...d2!} 45. Rf1 $2 (45. Bf1 $17) 45... c3 (45... Qxa4 46. Qg5 $15) 46. Qg5 {[#]} Qd6 (46... Rd6 $1 $19 {has better winning chances. Hoping for ...d2.} 47. Qe7 d2 48. Qxc7 d1=Q 49. Rxd1 Rxd1+ 50. Kh2 Qd4) 47. Be4 $17 Kg7 (47... Rd7 $17 {White must now prevent ...Kg7.} 48. Rd1 d2 49. Bxg6 Rg7) 48. Bxd3 {The position is equal.} Qxd3 49. Qe7+ Kg8 {...Rd7 is the strong threat.} 50. Qxc7 c2 {Threatens to win with ...Qxf1+!} 51. Qc6 Qxf1+ {[%mdl 64] Remove Defender} 52. Kxf1 Rd1+ 53. Kg2 c1=Q 54. Qe8+ $1 Kg7 55. Qe7+ {Accuracy: White = 55%, Black = 48%.} 1/2-1/2

[Event "Asian Zonal-ch 3.5 Women 2019"]
[Site "Zi Bo"]
[Date "2019.09.09"]
[Round "7.6"]
[White "Bai, Xue"]
[Black "Li, Yunshan"]
[Result "0-1"]
[WhiteElo "2093"]
[BlackElo "2261"]
[Annotator "ChessBase"]
[PlyCount "46"]
[EventDate "2019.09.05"]
[EventType "swiss"]
[EventCountry "CHN"]
[SourceTitle "playchess.com"]
[Source "ChessBase"]
[SourceQuality "1"]
[TimeControl "5400+30"]

1. e4 {[%emt 0:00:00]} e5 {[%emt 0:00:00]} 2. Nf3 {[%emt 0:00:00]} Nf6 {[%emt 0:00:00]} 3. Nc3 {[%emt 0:01:17]} Nc6 {[%emt 0:00:12]} 4. Bb5 {[%emt 0:00:28]} Nd4 {[%emt 0:00:32]} 5. Bc4 {[%emt 0:04:33]} Bc5 {[%emt 0:00:33]} 6. d3 {[%emt 0:00:34]} d6 {[%emt 0:00:40]} 7. Nxd4 {[%emt 0:06:42]} Bxd4 {[%emt 0:01:45]} 8. Bg5 {[%emt 0:03:08]} h6 {[%emt 0:02:58]} 9. Bxf6 {[%emt 0:02:13]} Qxf6 {[%emt 0:00:30]} 10. Qd2 {[%emt 0:01:20]} c6 {[%emt 0:01:29]} 11. Nd1 {[%emt 0:06:06]} Qg6 {[%emt 0:05:43]} 12. f3 {[%emt 0:00:37]} O-O {[%emt 0:08:35]} 13. c3 {[%emt 0:01:55]} Bb6 {[%emt 0:00:40]} 14. Kf1 {[%emt 0:13:21]} Kh8 {[%emt 0:07:11]} 15. g4 {[%emt 0:05:21]} f5 {[%emt 0:23:03]} 16. gxf5 {[%emt 0:04:54]} Bxf5 {[%emt 0:00:15]} 17. Qg2 {[%emt 0:04:16]} Bg4 {[%emt 0:03:15]} 18. Ke1 {[%emt 0:03:45]} Rxf3 {[%emt 0:00:40]} 19. h3 {[%emt 0:01:19]} Bh5 {[%emt 0:00:19]} 20. Qxg6 {[%emt 0:00:13]} Bxg6 {[%emt 0:00:03]} 21. a4 {[%emt 0:00:58]} Raf8 {[%emt 0:04:04]} 22. a5 {[%emt 0:01:15]} Bd8 {[%emt 0:00:33]} 23. a6 {[%emt 0:01:00]} b5 {[%emt 0:00:32]} 0-1

[Event "Asian Zonal-ch 3.5 Women 2019"]
[Site "Zi Bo"]
[Date "2019.09.09"]
[Round "7.7"]
[White "Ning, Kaiyu"]
[Black "Zhou, Zirun"]
[Result "1/2-1/2"]
[WhiteElo "2354"]
[BlackElo "2155"]
[Annotator "ChessBase"]
[PlyCount "125"]
[EventDate "2019.09.05"]
[EventType "swiss"]
[EventCountry "CHN"]
[SourceTitle "playchess.com"]
[Source "ChessBase"]
[SourceQuality "1"]
[TimeControl "5400+30"]

1. d4 {[%emt 0:00:00]} Nf6 {[%emt 0:00:00]} 2. c4 {[%emt 0:00:00]} e6 {[%emt 0:00:03]} 3. g3 {[%emt 0:00:00]} d5 {[%emt 0:00:54]} 4. Bg2 {[%emt 0:00:00]} dxc4 {[%emt 0:02:23]} 5. Nf3 {[%emt 0:00:00]} Nc6 {[%emt 0:00:10]} 6. Qa4 {[%emt 0:00:25]} Bb4+ {[%emt 0:00:11]} 7. Bd2 {[%emt 0:00:06]} Nd5 {[%emt 0:00:07]} 8. Bxb4 {[%emt 0:00:16]} Ndxb4 {[%emt 0:00:06]} 9. O-O {[%emt 0:00:24]} Rb8 {[%emt 0:00:28]} 10. Nc3 {[%emt 0:00:16]} a6 {[%emt 0:00:06]} 11. Ne5 {[%emt 0:00:21]} O-O {[%emt 0:00:09]} 12. Nxc6 {[%emt 0:00:05]} Nxc6 {[%emt 0:00:05]} 13. Bxc6 {[%emt 0:00:05]} bxc6 {[%emt 0:00:05]} 14. Qxc4 {[%emt 0:00:04]} Qd6 {[%emt 0:00:08]} 15. b3 {[%emt 0:00:08]} Rb4 {[%emt 0:00:07]} 16. Ne4 {[%emt 0:00:05]} Qxd4 {[%emt 0:00:09]} 17. Qxd4 {[%emt 0:00:05]} Rxd4 {[%emt 0:00:07]} 18. f3 {[%emt 0:00:32]} e5 {[%emt 0:00:37]} 19. Rfc1 {[%emt 0:01:17]} f5 {[%emt 0:00:36]} 20. Nc5 {[%emt 0:00:15]} Rf6 {[%emt 0:00:33]} 21. a3 {[%emt 0:01:10]} a5 {[%emt 0:07:32]} 22. b4 {[%emt 0:04:55]} axb4 {[%emt 0:01:04]} 23. axb4 {[%emt 0:00:49]} Rxb4 {[%emt 0:00:12]} 24. Ra7 {[%emt 0:02:24]} Rf7 {[%emt 0:09:27]} 25. Nd3 {[%emt 0:15:09]} Rb5 {[%emt 0:00:36]} 26. Ra8 {[%emt 0:04:25]} Rf8 {[%emt 0:00:12]} 27. Rxc6 {[%emt 0:00:20]} Bb7 {[%emt 0:01:53]} 28. Rxf8+ {[%emt 0:00:13]} Kxf8 {[%emt 0:00:03]} 29. Rxc7 {[%emt 0:00:09]} e4 {[%emt 0:03:47]} 30. fxe4 {[%emt 0:03:13]} Bxe4 {[%emt 0:02:05]} 31. Nf4 {[%emt 0:00:10]} Rb6 {[%emt 0:01:12]} 32. h4 {[%emt 0:02:15]} Kg8 {[%emt 0:02:46]} 33. Nh3 {[%emt 0:09:26]} h6 {[%emt 0:06:53]} 34. Kf2 {[%emt 0:10:51]} Rb7 {[%emt 0:01:28]} 35. Rc3 {[%emt 0:00:44]} Kf7 {[%emt 0:02:26]} 36. Ra3 {[%emt 0:00:22]} Re7 {[%emt 0:02:36]} 37. Ra5 {[%emt 0:01:04]} g6 {[%emt 0:01:31]} 38. Ra3 {[%emt 0:04:02]} Bc6 {[%emt 0:07:44]} 39. Rb3 {[%emt 0:01:13]} Bd5 {[%emt 0:00:51]} 40. Rc3 {[%emt 0:00:05]} Bb7 {[%emt 0:00:12]} 41. Ra3 {[%emt 0:02:13]} Bc6 {[%emt 0:00:17]} 42. Ra5 {[%emt 0:00:07]} Be4 {[%emt 0:00:12]} 43. Rb5 {[%emt 0:00:27]} Rb7 {[%emt 0:01:47]} 44. Rc5 {[%emt 0:00:23]} Ra7 {[%emt 0:02:05]} 45. Rc8 {[%emt 0:00:33]} Re7 {[%emt 0:05:07]} 46. Nf4 {[%emt 0:01:37]} g5 {[%emt 0:02:33]} 47. hxg5 {[%emt 0:00:05]} hxg5 {[%emt 0:00:08]} 48. Nh3 {[%emt 0:00:02]} Kf6 {[%emt 0:00:34]} 49. Rf8+ {[%emt 0:02:47]} Kg7 {[%emt 0:00:10]} 50. Rb8 {[%emt 0:00:10]} Kg6 {[%emt 0:00:34]} 51. Rg8+ {[%emt 0:00:57]} Rg7 {[%emt 0:00:07]} 52. Rh8 {[%emt 0:08:23]} Bd5 {[%emt 0:02:07]} 53. Rd8 {[%emt 0:00:26]} Be4 {[%emt 0:00:19]} 54. Ke3 {[%emt 0:03:17]} Bg2 {[%emt 0:00:40]} 55. Nf2 {[%emt 0:02:00]} f4+ {[%emt 0:00:32]} 56. gxf4 {[%emt 0:01:36]} Re7+ {[%emt 0:00:12]} 57. Kd2 {[%emt 0:00:06]} gxf4 {[%emt 0:00:05]} 58. Nd3 {[%emt 0:01:37]} f3 {[%emt 0:00:16]} 59. e3 {[%emt 0:03:43]} Ra7 {[%emt 0:00:52]} 60. Rf8 {[%emt 0:00:31]} Kg7 {[%emt 0:01:35]} 61. Rf4 {[%emt 0:00:16]} Rf7 {[%emt 0:02:30]} 62. Rg4+ {[%emt 0:00:07]} Kh6 {[%emt 0:00:41]} 63. Nf2 {[%emt 0:06:24]} 1/2-1/2

[Event "Asian Zonal-ch 3.5 Women 2019"]
[Site "Zi Bo"]
[Date "2019.09.09"]
[Round "7.8"]
[White "Zhao, Shengxin"]
[Black "Song, Yuxin"]
[Result "0-1"]
[WhiteElo "2162"]
[BlackElo "2305"]
[Annotator "TA"]
[PlyCount "86"]
[EventDate "2019.09.05"]
[EventType "swiss"]
[EventCountry "CHN"]
[SourceTitle "playchess.com"]
[Source "ChessBase"]
[SourceQuality "1"]

{[%evp 11,86,0,0,-12,-17,-28,-12,-20,-7,0,0,-32,-25,-16,-20,-31,-34,-109,-46,-97,-97,-96,-91,-91,-91,-122,-61,-110,-6,-81,-71,-70,-75,-103,-87,-91,-96,-225,-98,-123,-122,-122,-132,-180,-180,-180,-180,-180,-180,-180,-130,-180,-180,-180,-180,-180,-180,-180,-173,-421,-421,-659,-599,-835,-801,-711,-581,-1247,-1274,-1056,-891,-742,-697,-2388,-3578,-2195,-2032]} 1. e4 c5 2. Nc3 Nc6 3. Nge2 e5 4. g3 d6 5. Bg2 g6 6. O-O Bg7 7. b3 {B24: Closed Sicilian: 3 g3 sidelines} Nge7 8. Bb2 O-O 9. Nd5 {The position is equal.} f5 10. exf5 Bxf5 $146 ({Predecessor:} 10... gxf5 11. d3 Be6 12. Nxe7+ Qxe7 {½-½ (38) Spassky,B (2625)-Nemet,I (2430) Lugano 1982}) 11. f4 Qd7 12. Nxe7+ Nxe7 13. d3 Bh3 14. Qd2 (14. Bxh3 $15 Qxh3 15. fxe5) 14... Bh6 ({Black should play} 14... Bxg2 $17 15. Kxg2 Nf5) 15. Rf3 (15. Bxh3 $15 Qxh3 16. Rae1) 15... Bxg2 $17 16. Kxg2 Qc6 17. Raf1 Rf7 18. Kg1 {[#]} Raf8 (18... g5 $1 $17 {[%mdl 512]} 19. c4 (19. fxg5 Rxf3) 19... gxf4) 19. c4 {[#]} exf4 (19... g5 $1 $17 {[%mdl 512] next ...gxf4 is good for Black.} 20. Nc3 (20. fxg5 Rxf3) 20... gxf4) 20. gxf4 (20. Nxf4 $11 Qe8 21. R3f2 (21. Qc3 Bg7 $15)) 20... d5 21. cxd5 Qxd5 22. Ng3 Nf5 23. Nxf5 Qxf5 24. Qf2 (24. Qg2 $17) 24... Qg4+ (24... Bxf4 $19 {and Black stays clearly on top.} 25. Kh1 Qh5) 25. Qg3 Rxf4 26. Rxf4 Rxf4 27. Qxg4 Rxg4+ {[%mdl 4096] Endgame KRB-KRB} 28. Kh1 Rf4 29. Kg2 Rxf1 30. Kxf1 $19 {KB-KB} Bg7 31. Bc1 Kf7 32. Ke2 Ke6 33. Kf3 Kf5 34. Ba3 Bd4 35. b4 $2 (35. h3) 35... b6 {Black is clearly winning.} 36. b5 (36. Ke2 $142 Kg4 37. Kf1) 36... g5 37. h3 h5 38. Bc1 g4+ 39. hxg4+ hxg4+ 40. Ke2 Ke5 41. Bg5 Kd5 42. a4 g3 43. Kf3 Be5 {Accuracy: White = 25%, Black = 55%.} 0-1